| 000 | 00000nam##2200000za#4500 |
| 001 | 9.588011 |
| 003 | CaOODSP |
| 005 | 20210624194919 |
| 007 | cr ||||||||||| |
| 008 | 150406|2007||||xxc|||||o f|0| 0 eng|d |
| 022 | |a1701-1280 |
| 040 | |aCaOODSP|beng |
| 041 | |aeng |
| 041 | |afre |
| 043 | |an-cn--- |
| 086 | 1 |aFs70-4/2006-028-PDF |
| 110 | 1 |aCanada. |bDepartment of Fisheries and Oceans. |
| 245 | 10|aNational science workshop - development of criteria to identify ecologically and biologically significant species (EBSS) : |h[electronic resource]|bSeptember 6-8, 2006, Lord Elgin Hotel, Ottawa, Ontario / |cJake Rice, chair ; Henry Lear, editor. |
| 260 | |aOttawa - Ontario : |bFisheries and Oceans Canada |cMay 2007. |
| 300 | |a51p. |
| 490 | 1 |aCanadian Science Advisory Secretariat proceedings series|x1701-1280|v2006/028 |
| 504 | |aBibliography. |
| 590 | |a11-31-Supp|b2011-12-13 |
| 720 | 1 |aRice, Jake |
| 720 | 1 |aLear, Henry |
| 792 | |tAtelier national des Sciences : élaboration de critères pour désigner les espèces d'importance biologique et écologique : |efre|w(CaOODSP)9.588012 |
| 830 | #0|aProceedings series (Canadian Science Advisory Secretariat)|x1701-1280|v2006/028|w(CaOODSP)9.500507 |
| 856 | 40|ahttp://publications.gc.ca|qPDF|s271 KB|uhttps://publications.gc.ca/collections/collection_2011/mpo-dfo/Fs70-4-2006-028.pdf|y2006/028 |